Aktualizácia právnych predpisov v publikácii Obchodný zákonník komentár s judikatúrou

Gespeichert in:
Bibliographische Detailangaben
Format: Schriftenreihe
Sprache:Slowakisch
Veröffentlicht: Bratislava Wolters Kluwer 2021
Tags: Tag hinzufügen
Keine Tags, Fügen Sie das erste Tag hinzu!

MARC

LEADER 00000nas2a2200000 4500
001 0280842
005 20220111114157.8
041 0 |a slo 
044 |a SK 
245 1 0 |a Aktualizácia právnych predpisov v publikácii Obchodný zákonník  |b komentár s judikatúrou 
264 1 |a Bratislava  |b Wolters Kluwer  |c 2021 
773 0 |w eu_un_cat*0005262